A szervezett bűnözés - Az olajbűncselekmények -
Elmentve itt :
| Szerző: | |
|---|---|
| További közreműködők: | |
| Dokumentumtípus: | Szakdolgozat |
| Megjelent: |
2000
|
| Tárgyszavak: | |
| Online Access: | http://diploma.bibl.u-szeged.hu/25706 |
| LEADER | 00554nta a2200157 i 4500 | ||
|---|---|---|---|
| 001 | dipl25706 | ||
| 005 | 20130314083629.0 | ||
| 008 | 111025s2000 hu om 0|| zxx d | ||
| 040 | |a SZTE Diploma Repozitórium |b hun | ||
| 041 | |a zxx | ||
| 100 | 1 | |a Kocsis Anita | |
| 245 | 1 | 2 | |a A szervezett bűnözés - Az olajbűncselekmények - |h [elektronikus dokumentum] / |c Anita Kocsis |
| 260 | |c 2000 | ||
| 650 | 4 | |a Jogi és igazgatási tanulmányok | |
| 700 | 1 | |a Kopasz Zsolt |e ths | |
| 856 | 4 | 0 | |u http://diploma.bibl.u-szeged.hu/id/eprint/25706/1/2000_kocsis_anita.pdf |z Dokumentum-elérés |